Escuela de las Américas: Entrenamiento militar, violencia política e impunidad en las Américas
Tallennettuna:
| Päätekijä: | |
|---|---|
| Aineistotyyppi: | Kirja |
| Kieli: | espanja |
| Julkaistu: |
Santiago
Lom
2005
|
| Painos: | 1a. ed |
| Sarja: | Escafandra
|
| Aiheet: | |
| Tagit: |
Lisää tagi
Ei tageja, Lisää ensimmäinen tagi!
|
MARC
| LEADER | 00000nam a2200000 a 4500 | ||
|---|---|---|---|
| 001 | UCH4901 | ||
| 003 | CL-VaPUC | ||
| 008 | 090910e20050000CL |||||||||||||||||spa|d | ||
| 020 | |a 9562827054 | ||
| 082 | 0 | 4 | |a 323.40 |b GIL |2 21 |
| 100 | 0 | |a Gill, Lesley |e author |9 540871 | |
| 245 | 1 | 0 | |a Escuela de las Américas: Entrenamiento militar, violencia política e impunidad en las Américas |
| 250 | |a 1a. ed | ||
| 300 | |a 348 p | ||
| 942 | |c BK | ||
| 945 | |d 20090910 00:00:00 |a dcastane | ||
| 260 | |a Santiago |b Lom |c 2005 | ||
| 650 | 7 | |a SEGURIDAD NACIONAL-ESTADOS UNIDOS |2 CL-VaPUC |9 540872 | |
| 650 | 7 | |a DERECHOS HUMANOS-AMERICA LATINA |2 CL-VaPUC |9 540873 | |
| 583 | |a last modification |c 20090910 00:00:00 |k Rodrigo Vera | ||
| 490 | 0 | |a Escafandra | |
| 999 | |c 336133 |d 336131 | ||
| 952 | |0 0 |1 0 |4 0 |6 323_400000000000000_GIL_2005 |7 0 |8 X |9 427104 |a FDOBUD |b FDOBUD |d 2019-11-22 |i 4598415 |o 323.40 GIL 2005 |p 4598415 |r 2019-11-22 |w 2019-11-22 |y BK_X |k BUD | ||